| 000 -LEADER |
| fixed length control field |
00703nam a22001337a 4500 |
| 008 - FIXED-LENGTH DATA ELEMENTS--GENERAL INFORMATION |
| fixed length control field |
240816b ||||| |||| 00| 0 eng d |
| 100 ## - MAIN ENTRY--PERSONAL NAME |
| Personal name |
Mukherjee, Aditya |
| 245 ## - TITLE STATEMENT |
| Title |
Jawaharlal, Nehru in our past, present and future |
| 260 ## - PUBLICATION, DISTRIBUTION, ETC. (IMPRINT) |
| Place of publication, distribution, etc |
Social Scientist |
| 300 ## - PHYSICAL DESCRIPTION |
| Extent |
52(3-4), Mar-Apr, 2024: p.3-36 |
| 520 ## - SUMMARY, ETC. |
| Summary, etc |
As all of you are aware, the idea of India is deeply threatened today and the discipline of history is being mauled beyond recognition and caponized to destroy the idea of India by relations communal forces, which not only did not participate in India’s freedom struggle but indeed collaborated with imperialism. – Reproduced |
| 773 ## - HOST ITEM ENTRY |
| Main entry heading |
Social Scientist |
| 942 ## - ADDED ENTRY ELEMENTS (KOHA) |
| Item type |
Articles |